000 00571nam a22002177a 4500
003 UA-OsUOA
001 37806
007 ta
008 20060411b un ||||| |||| 00| 0 ukr d
100 _aЮхновський О.
090 _a34
_bШ99
942 _cSA
040 _aUA-OsUOA
_bukr
_cUA-OsUOA
_dUA-OsUOA
245 _aПродовольче право в Україні: проблеми і перспективи
300 _aС.7
955 _a0
041 _aukr
080 _a34
773 0 _w37805
650 7 _a34 Право. Юриспруденція
_2UDC
999 _c323974
_d323974